000 00370nam a2200145Ia 4500
008 231129s2000||||xx |||||||||||||| ||spa||
020 _a958-30-0027-2
040 _bspa
082 _a796.346 P434t
100 _aPerea Rosero Tucidides
245 0 _aTenis de mesa
260 _c2000
264 _aPanamericana
942 _2ddc
_cBKS
999 _c25183
_d25183